| 000 | 00632cam a2200169Ia 4500 | ||
|---|---|---|---|
| 082 |
_a355.033573 _bHAN _cN-01,P-132 |
||
| 100 | 1 |
_aO'Hanlon, Michael E. _948678 |
|
| 245 | 1 | 0 |
_aTechnological change and the future of warfare _cMichael O'Hanlon. |
| 260 |
_aWashington, D.C. : _bBrookings Institution Press, _cc2000. |
||
| 300 |
_axii, 208 p. : _bill. |
||
| 526 |
_a0 _b0 _c0 _d355_033573000000000_HAN |
||
| 650 | 0 |
_aMilitary art and science _xTechnological innovations. _948679 |
|
| 650 | 0 |
_aWar _xForecasting. _948680 |
|
| 710 | 2 |
_aebrary, Inc. _9622 |
|
| 856 | 4 | 0 | _uhttp://www.columbia.edu/cgi-bin/cul/resolve?clio5378153 |
| 942 |
_2ddc _cBK |
||
| 999 |
_c551660 _d551660 |
||